000
00311pam a2200133 a 4500
020
_c
041
_h
082
_a
658.15
_b
INA
100
_a
BROKCKINGTON R.,
245
_a
FINANCIAL MANAGEMENT
_h
Textual Documents
260
_a
NEW DELHI
_b
ARNOLD PUBLISHERS PVT LTD
_c
1990
300
_a
V+588
930
_a
12503
999
_c
131930
_d
131930